| 000 | 00845nam a22002177a 4500 | ||
|---|---|---|---|
| 005 | 20110905104659.0 | ||
| 010 | _aG-001397 | ||
| 020 |
_a9788183390675 _c895.00 |
||
| 035 | _a G-001397 | ||
| 037 | _bGift | ||
| 082 | _a954.11 | ||
| 100 |
_aKoul, Gwasha Lal _934290 |
||
| 245 |
_aKashmir then and now: _cby Gwasha Lal Koul _ba historical servey (5000 B.C. to 1972 A.D.) / |
||
| 260 |
_aSrinagar _bGulshan Books _c2009 |
||
| 270 |
_aResidency Road, _bSrinagar _e190001 |
||
| 300 |
_axiv, 311p. _c22cm (Hb) |
||
| 500 | _aIncludes index and bibliographical references | ||
| 942 |
_2ddc _cEN _h954.11 _mKOU |
||
| 999 |
_c56263 _d56263 |
||